| 000 | 01716nam a2200361 c 4500 | ||
|---|---|---|---|
| 003 | BLK | ||
| 005 | 20180422115140.0 | ||
| 008 | 180411b bul|||||r ||||||| ||bul|| | ||
| 010 | _aKNG00190268000 | ||
| 020 |
_a978-619-153-078-6 _bиздат.: Паритет |
||
| 040 | _aBLK | ||
| 041 |
_aBUL _cBUL |
||
| 072 | 7 |
_2bullib _aН15 _xПсихология Н |
|
| 080 |
_aПсихотехника. Приложна психология. Психотестове. Консултативна психология _b159.98 _x _z159.98 |
||
| 100 | 1 |
_aНорбеков, Мстислав Олегович _eпърви автор _9276143 |
|
| 700 | 1 |
_aТалева, Петя _eпрев. от рус. _9367647 |
|
| 139 |
_aНорбеков, Мстислав Олегович _bН 91 |
||
| 245 | 1 | 0 |
_aФилософията на магаренцето Йори, или Законите на Мърфи - Норбеков _cМстислав Олегович Норбеков; прев. от рус. Петя Талева. |
| 257 | _aRUS | ||
| 260 |
_аСофия _bПаритет _c2015 _fСофия : Анториери |
||
| 300 |
_a176 с. _c20 см |
||
| 380 | _a1 | ||
| 490 | 1 | _aДругият Норбеков | |
| 500 | _aОриг. загл. Философия ослика Иа-Иа, или Законы Мерфи - Норбекова / М. Норбеков. - Съдържа и за авт. | ||
| 650 | 4 |
_aПсихология, приложна _9258193 |
|
| 653 | _aприложна психология | ||
| 659 | _aН | ||
| 852 | _aЦб 282214 | ||
| 856 | 4 |
_qpdf _u |
|
| 856 | 4 |
_qpdf _u |
|
| 942 |
_cKNG _n0 |
||
| 944 |
_aCR _c13.09.2016 _lф / _kВиолета_Тройчева |
||
| 944 |
_aED _c05.10.2016 _lф / _kЛюдмила_Стоянова |
||
| 999 |
_c181369 _d181369 |
||